Widok standardowy
Widok MARC
Pozycja Personal Name
Liczba rekordów, w których użyto hasła: 1
001 - Numer kontrolny
- control field: 40167
003 - Identyfikator numeru kontrolnego
- control field: NUKAT
005 - Data i czas ostatniej modyfikacji
- control field: 20260416125111.0
008 - Dane kontrolne kodowane (40 znaków)
- fixed length control field: 970602n||a|znnaabn |a aaa |c
010 ## - Numer kontrolny Biblioteki Kongresu
- numer kontrolny LC: n 97024488
024 7# - OTHER STANDARD IDENTIFIER
- Standard number or code: 101934034
- Source of number or code: viaf
024 7# - OTHER STANDARD IDENTIFIER
- Standard number or code: 0000000115793419
- Source of number or code: isni
040 ## - Instytucja sporządzająca rekord
- inst. przygot. dane do rek. khw: KR U/MB
- język haseł przedmiotowych/tezaurus: kaba
- inst. wprow. rek. khw: KR U/MB
- inst. modyf. rek. khw: POZN U/MP
046 ## - Special dates
- Birth date: 1960
100 1# - Hasło - nazwa osobowa
- nazwa osobowa w formie ujednoliconej: Wilanowski, Cyprian
- daty biograficzne: (1960- ).
372 ## - Field of activity
- Field: Historia.
- Auth control #: http://nukat.edu.pl/aut/s 94205867
- Source of term: kaba
374 ## - Occupation
- Occupation: Historycy.
- Auth control #: http://nukat.edu.pl/aut/s 94205772
- Source of term: kaba
670 ## - Źródło informacji
- źródło informacji: Kp. Wspomnienia gen. Czesława Jarnuszkiewicza [...] / [red. Cyprian Wilanowski]. - Warszawa, 1996.
- gdzie znaleziono informację: (redaktor Instytutu Wydawniczego Pax)
670 ## - Źródło informacji
- źródło informacji: Konspiracyjna działalność duchowieństwa katolickiego na Wileńszczyźnie w latach 1939-1944 / Cyprian Wilanowski. - Warszawa, 2000.